|
|
|
|
| LEADER |
01790nam a2200349 a 4500 |
| 001 |
29585 |
| 003 |
BD-DhAAL |
| 005 |
20220718112258.0 |
| 008 |
150803s2009 ii b 001 0 eng |
| 999 |
|
|
|c 35146
|d 35146
|
| 010 |
|
|
|a 2009346532
|
| 020 |
|
|
|a 9780670083794
|
| 040 |
|
|
|a DLC
|c DLC
|d DLC
|d DLC
|d BD-DhAAL
|
| 050 |
0 |
0 |
|a DS422.C64
|b R69 2009
|
| 082 |
|
|
|2 22
|a 320.954
|
| 100 |
1 |
|
|a Roy, Arundhati.
|9 12969
|
| 245 |
1 |
0 |
|a Listening to grass-hoppers :
|b field notes on democracy /
|c Arundhati Roy.
|
| 246 |
1 |
8 |
|a Listening to grasshoppers
|
| 260 |
|
|
|a New Delhi :
|b Hamish Hamilton an imprint of Penguin Books,
|c 2009.
|
| 300 |
|
|
|a xxxvii, 252 p. ;
|c 22 cm.
|
| 504 |
|
|
|a Includes bibliographical references (pages 211-238) and index.
|
| 520 |
|
|
|a With special reference to various topics related to anti-democratic issue of communalism, division between Muslims and Hindus, state sponsored terrorism, terrorist attacks, and emergence of Hindutva in India; articles previously published in several journals and books.
|
| 541 |
|
|
|a Donated By Akbar Ali Khan
|e 29585, 39123
|
| 650 |
|
0 |
|a Communalism
|z India.
|9 6067
|
| 650 |
|
0 |
|a Hindus
|z India.
|9 13500
|
| 650 |
|
0 |
|a Muslims
|z India.
|9 13501
|
| 650 |
|
0 |
|a Hindutva
|z India.
|9 13502
|
| 650 |
|
0 |
|a Terrorism
|z India.
|9 13503
|
| 852 |
|
|
|a Ayesha Abed Library
|c Akbar Ali Khan Collection
|
| 942 |
|
|
|2 ddc
|c BK
|
| 952 |
|
|
|0 0
|1 0
|2 ddc
|4 0
|6 320_954000000000000_ROY
|7 0
|9 55097
|a BRACUL
|b BRACUL
|c GEN
|d 2015-08-04
|e BRAC Institute of Language (BIL)
|l 2
|m 12
|o 320.954 ROY
|p 3010029585
|q 2026-07-06
|r 2025-07-13
|s 2025-07-13
|t 1
|w 2015-08-04
|y BK
|x Transferred from BIL to BRACUL on 06/06/22
|
| 952 |
|
|
|0 0
|1 0
|2 ddc
|4 0
|6 320_954000000000000_ROY
|7 1
|9 71240
|a BRACUL
|b BRACUL
|c AAKC
|d 2022-07-18
|e Donated by Akbar Ali Khan
|l 0
|o 320.954 ROY
|p 3010039123
|r 2022-07-18
|t 2
|w 2022-07-18
|y BK
|